Rakno (Record no. 179302)

MARC details
000 -LEADER
fixed length control field 00198nam a22000977a 4500
008 - FIXED-LENGTH DATA ELEMENTS--GENERAL INFORMATION
fixed length control field 210707s2003 xx 000 0 und d
041 ## - LANGUAGE CODE
Language code of text/sound track or separate title eng
082 ## - DEWEY DECIMAL CLASSIFICATION NUMBER
Classification number 052 RAKN
245 ## - TITLE STATEMENT
Title Rakno
260 ## - PUBLICATION, DISTRIBUTION, ETC.
Date of publication, distribution, etc. 2003
Holdings
Withdrawn status Lost status Source of classification or shelving scheme Damaged status Not for loan Home library Current library Date acquired Serial Enumeration / chronology Total Checkouts Full call number Barcode Date last seen Price effective from Koha item type
Discarded   Dewey Decimal Classification     St Aloysius Library St Aloysius Library 07/07/2021 Vol no:65-65; Issue no:26-49   052 RAKN BV0477 07/07/2021 07/07/2021 Bound Volume